| 000 | 00428nam a22001337a 4500 | ||
|---|---|---|---|
| 082 |
_a004 _bOSW/C |
||
| 100 | _aOSWAAL | ||
| 245 | _aCBSE SOLVED PAPERS CLASS-XII QUESTION BANK COMPUTER SCIENCE | ||
| 246 |
_aCBSE SOLVED PAPERS CLASS-XII QUESTION BANK COMPUTER SCIENCE _bCBSE SOLVED PAPERS CLASS-XII QUESTION BANK COMPUTER SCIENCE |
||
| 260 |
_aNEW DELHI _bOSWAAL _c2023 |
||
| 300 | _a239 | ||
| 650 | _aCOMPUTER SCIENCE | ||
| 942 | _cBK | ||
| 999 |
_c9075 _d9075 |
||